| 000 | 00362nam a2200121Ia 4500 | ||
|---|---|---|---|
| 008 | 220216s9999 xx 000 0 und d | ||
| 100 | _aSun Ximei | ||
| 245 | 0 | _aCure kinetics study of unfilled and carbon black filled synthetic isoprene rubber | |
| 260 |
_bRubber Chemistry and Technology _c2009 |
||
| 300 | _a149-169 | ||
| 700 | _aIsayev Avraam I. | ||
| 942 | _cJS | ||
| 999 |
_c56632 _d56632 |
||